| Tag |
First Indicator |
Second Indicator |
Subfields |
| LEADER |
00000cam a2200000 i 4500 |
| 001 |
in00000342821 |
| 005 |
20151011052155.0 |
| 008 |
770325r19761927pauaf 00010beng d |
| 035 |
|
|
|a (OCoLC)02834700
|
| 035 |
|
|
|9 ABL2464AM
|
| 040 |
|
|
|a TXA
|c TXA
|d UtOrBLW
|
| 049 |
|
|
|a TXAM
|c [972927]
|
| 090 |
|
|
|a PR3325
|b .T52 1976
|
| 100 |
1 |
|
|a Tinker, Chauncey Brewster,
|d 1876-1963.
|
| 245 |
1 |
2 |
|a A new portrait of James Boswell /
|c Chauncey Brewster Tinker and Frederick Albert Pottle.
|
| 264 |
|
1 |
|a Norwood, Pa. :
|b Norwood Editions,
|c 1976.
|
| 300 |
|
|
|a 17 pages, 19 unnumbered pages :
|b illustrations ;
|c 29 cm.
|
| 336 |
|
|
|a text
|b txt
|2 rdacontent
|
| 337 |
|
|
|a unmediated
|b n
|2 rdamedia
|
| 338 |
|
|
|a volume
|b nc
|2 rdacarrier
|
| 500 |
|
|
|a Reprint of the 1927 edition published by Harvard University Press, Cambridge.
|
| 600 |
1 |
0 |
|a Boswell, James,
|d 1740-1795
|x Portraits.
|
| 700 |
1 |
|
|a Pottle, Frederick A.
|q (Frederick Albert),
|d 1897-1987.
|
| 999 |
|
|
|a MARS
|
| 999 |
f |
f |
|s 89fb8846-319f-354b-95e3-94051c71a73a
|i 2a01dadd-8c3f-33ce-9363-f6701399f7bc
|t 0
|
| 952 |
f |
f |
|p normal
|a Texas A&M University
|b College Station
|c Sterling C. Evans Library
|d Evans: Library Stacks
|t 0
|e PR3325 .T52 1976
|h Library of Congress classification
|i unmediated -- volume
|m A14803914865
|
| 998 |
f |
f |
|a PR3325 .T52 1976
|t 0
|l Evans: Library Stacks
|